Biotechnology applications (Record no. 562)
[ view plain ]
| 000 -LEADER | |
|---|---|
| fixed length control field | 00455nam a22001577a 4500 |
| 020 ## - ISBN | |
| International Standard Book Number | 9789380026299 |
| 050 ## - LIBRARY OF CONGRESS CALL NUMBER | |
| Classification Number | TP248.2 |
| Item Number | .B56 |
| 100 ## - MAIN ENTRY--Author | |
| Personal name | Mishra, C. S. K |
| 245 ## - TITLE | |
| Title | Biotechnology applications |
| 260 ## - PUBLICATION, DISTRIBUTION, ETC.(IMPRINT) | |
| Place of publication, distribution, etc | New Delhi |
| Name of publisher, distributor, etc | I.K International Publishing House Pvt. Ltd |
| Date of publication, distribution, etc | 2009 |
| 300 ## - PHYSICAL DESCRIPTION | |
| Extent | 376p. |
| 500 ## - GENERALNOTE | |
| General note | includes index |
| 650 ## - SUBJECT--TOPIC | |
| Topical term following geographic name as entry element | Pharmaceutical biotechnology, Biotechnology |
| Form subdivision | book |
| General subdivision | hard cover |
| 700 ## - ADDED ENTRY--PERSONAL AUTHOR | |
| Personal Name | Champagne, Pascale |
| 942 ## - ADDED ENTRY ELEMENTS(KOHA) | |
| Koha item type | General circulation |
| Source of classification or shelving scheme | Not for loan | Location (home branch) | Sublocation (holding branch) | Date accessioned | Cost, normal purchase price | Full call number | Barcode | Cost, replacement price | Nonpublic note | Koha item type |
|---|---|---|---|---|---|---|---|---|---|---|
| Library of Congress Classification | Main Campus Library | Main Campus Library | 07/08/2014 | 6203.10 | TP 248.2 .B56 | 2019/024692 | 6703.00 | BONNIE | General circulation |